000 00594cam a22002291 4500
001 sa 68010768
003 DLC
005 20260227112555.0
008 900212s1967 ii 000 0 hino
010 _asa 68010768
035 _a(OCoLC)21052412
040 _aDLC
_cWaU
_dDLC
042 _apremarc
043 _aa-ii---
050 0 0 _aDS421.5
_b.G67
100 1 _aGoyal, Kuntal,
_d1935-
245 1 0 _aKucha rekhāyeṃ, kucha citra.
260 _c1967.
300 _a131 p.
_c18 cm.
500 _aIn Hindi.
651 0 _aIndia
_xSocial life and customs
_xAnecdotes, facetiae, satire, etc.
999 _c83527
_d83527